Nábožná pieseň k Panny Marie

Bibliographic Details
Format: Book
Language:Slovak
PhysicalDescription:4 s. 8°
Published: [S.l.] [s.n.] [po r. 1918]
Subjects:

MARC

LEADER 00000nam a2200000 a 4500
001 vtls008386782
003 SK-MaSNL
005 20260302041704.0
008 251124s1918 xo slo
015 |a SKSNBA19191938-007682 
035 |a SK01SNKBSKHR20010078999 
035 |a SKM000081462 
040 |a SNK  |b slo  |c SNK  |e AACR2 
041 1 |a slo 
044 |a xo 
080 |a 245  |2 1981 
245 1 0 |a Nábožná pieseň k Panny Marie 
260 |a [S.l.]  |b [s.n.]  |c [po r. 1918]  |e Banská Bystrica  |f Havelka a spol. 
300 |a 4 s.  |c 8° 
650 0 7 |a duchovné piesne  |2 SNK  |9 1928 
655 7 |a knihy  |2 SNKPH  |9 307098 
852 |a Slovenská národná knižnica v Martine  |b 10000  |h MS SD 16610/82 
958 |a ONDV 
958 |a RK 
958 |a TL 
999 |c 1079843  |d 1081773 
952 |a SNK  |b SNK  |y PREZ  |7 0  |p 17A0603823  |o snkSD 16610/82  |i snkK 472/81  |8 3  |0 0  |1 0  |4 0  |d 2008-11-22  |l 0  |r 2025-12-01 00:00:00  |w 2026-02-24